Educación y formación de las clases medias /

Gorde:
Xehetasun bibliografikoak
Egile nagusia: Goetschel, Ana María
Formatua: Texto
Etiketak: Etiketa erantsi
Etiketarik gabe, Izan zaitez lehena erregistro honi etiketa jartzen!

MARC

LEADER 00000 a a2200000 04500
001 47868
003
040
100 |a Goetschel, Ana María  
245 |a Educación y formación de las clases medias /  |c Ana María Goetschel  
773 |g número74, (2008), páginas 123-135  
999 |c 37684  |d 37684